[Event "Aragon-chT Preferente Gr I"]
[Site "Aragon"]
[Date "2022.03.05"]
[Round "6.46"]
[White "Crespo Laborda, Alberto"]
[Black "Merin Flores, Miguel Angel"]
[Result "1-0"]
[WhiteElo "1552"]
[BlackElo "1710"]
[PlyCount "89"]
[EventDate "2022.01.29"]
[EventType "team-tourn"]
[EventRounds "9"]
[EventCountry "ESP"]
[SourceTitle "EXT 2024"]
[Source "ChessBase"]
[SourceDate "2023.10.10"]
[SourceVersion "1"]
[SourceVersionDate "2023.10.10"]
[SourceQuality "1"]
[WhiteTeam "Palacio de Pioneros IV"]
[BlackTeam "Ejea"]
[WhiteTeamCountry "ESP"]
[BlackTeamCountry "ESP"]

1. d4 d5 2. Nf3 Nf6 3. e3 Bg4 4. Bd3 e6 5. b3 Bd6 6. Bb2 Nbd7 7. Nbd2 0-0 8. h3 Bxf3 9. Nxf3 Re8 10. Ne5 Nf8 11. 0-0 c6 12. c4 Rc8 13. Qc2 Qe7 14. a3 Bb8 15. g4 N6d7 16. f4 Qh4 17. Qg2 Qe7 18. g5 Nxe5 19. fxe5 Red8 20. h4 c5 21. cxd5 Rxd5 22. Be4 Rd7 23. Rac1 Rcc7 24. d5 exd5 25. Bxd5 Ne6 26. e4 Rc8 27. Qf2 Rcd8 28. Qc2 b5 29. Qe2 a6 30. Rf5 g6 31. Rf6 Kg7 32. Qg4 Rxd5 33. exd5 Rxd5 34. Rcf1 Nd8 35. Rd6 Rxe5 36. Rd5 Kg8 37. Bxe5 Bxe5 38. Rfd1 Nc6 39. Qc8+ Kg7 40. Qxc6 Bd4+ 41. R5xd4 Qe3+ 42. Kg2 cxd4 43. Qf6+ Kg8 44. Qxd4 Qxb3 45. Qd8+ 1-0